000 00382nam a2200133Ia 4500
008 230312s9999||||xx |||||||||||||| ||und||
020 _a978-0300135428
082 _a709.620902
_bBLO-A
100 _aBloom;Jonathan.M
245 0 _aArts of thr City Victorious:Islamic Art and Architecture in Fatimid North Africa and Egypt
260 _c2007
650 _aArchitecture
942 _cBK
999 _c14457
_d14457